| 000 | 00566nam a2200145Ia 4500 | ||
|---|---|---|---|
| 008 | 220216s9999 xx 000 0 und d | ||
| 100 | _aPrasannakumari P. | ||
| 245 | 0 | _aOrganic phosphorus status of the traditional rubber growing soils | |
| 260 |
_bIn: Preprints of Papers. International Natural Rubber Conference, India 2005, 6-8 November 2005, Rubber Research Institute of India, Kottayam, Kerala, India, pp. 232-237. _c2005 |
||
| 650 | _aOrganic phosphorus | ||
| 650 | _aRubber growing soil | ||
| 700 | _aJoseph M.[a] | ||
| 700 | _aPunnoose K.I. | ||
| 942 | _cBS | ||
| 999 |
_c52756 _d52756 |
||